[Event "London Classic Open 2015"]
[Site "London ENG"]
[Date "2015.12.08"]
[Round "6.63"]
[White "Williamson, Roger G"]
[Black "Vachtfeidl, Petr"]
[Result "1-0"]
[WhiteElo "2172"]
[BlackElo "1983"]
[WhiteFideId "414620"]
[BlackFideId "315028"]
[EventDate "2015.12.04"]

1. d4 Nf6 2. c4 g6 3. Nc3 d5 4. Nf3 Bg7 5. Bg5 Ne4 6. Bf4 Nxc3 7. bxc3 c5 8.
cxd5 cxd4 9. cxd4 Qxd5 10. e3 Nc6 11. Be2 O-O 12. O-O Bf5 13. Nh4 Bd7 14. Nf3
Bf5 15. Nh4 Bd7 16. Bg3 Rac8 17. a4 Na5 18. Rb1 Rc3 19. Rb4 Rfc8 20. Qb1 Rb3 21.
Rxb3 Qxb3 22. Bb5 Bxb5 23. axb5 Rc2 24. h3 Rb2 25. Qe4 Bf6 26. Bb8 Qxb5 27. Bxa7
Qc6 28. d5 Qc4 29. Qxc4 Nxc4 30. Nf3 b5 31. Rc1 Kg7 32. e4 Nd2 33. Nxd2 Rxd2 34.
Be3 Rb2 35. f4 Rb3 36. Bf2 Bc3 37. Rxc3 1-0

[Event "London Classic Open 2015"]
[Site "London ENG"]
[Date "2015.12.08"]
[Round "6.64"]
[White "Stamos, Filippos"]
[Black "Harstad, Christian"]
[Result "1-0"]
[WhiteElo "2164"]
[BlackElo "1954"]
[WhiteFideId "4242807"]
[BlackFideId "1504045"]
[EventDate "2015.12.04"]

1. d4 Nf6 2. Nf3 g6 3. g3 Bg7 4. Bg2 O-O 5. O-O d6 6. a4 a5 7. Nc3 Nc6 8. e4 Bg4
9. h3 Bxf3 10. Bxf3 e5 11. dxe5 dxe5 12. Nd5 Nd7 13. c3 Nc5 14. Be3 Ne6 15. Qb3
Rb8 16. Rad1 Qc8 17. h4 Kh8 18. h5 f5 19. hxg6 f4 20. Kg2 fxe3 21. Rh1 h6 22.
Nxe3 Rxf3 23. Kxf3 Qe8 24. Nf5 Qxg6 25. Rd7 Rf8 26. Qc2 Ned4+ 27. cxd4 Nxd4+ 28.
Rxd4 exd4 29. Kg2 Rf7 30. f3 Qb6 31. g4 d3 32. Qxd3 Qxb2+ 33. Kg3 Qe5+ 34. f4
Qe6 35. g5 Rd7 36. Qc2 c5 37. Nxh6 c4 38. Nf5+ Kg8 39. Nxg7 Kxg7 40. Qc3+ Kf8
41. Qh8+ Qg8 42. Qf6+ Rf7 43. Qd8+ Kg7 44. Qd4+ 1-0

[Event "London Classic Open 2015"]
[Site "London ENG"]
[Date "2015.12.08"]
[Round "6.65"]
[White "Shepley, Julien M"]
[Black "Ethelontis, Alexandros N"]
[Result "1/2-1/2"]
[WhiteElo "1968"]
[BlackElo "2162"]
[WhiteFideId "403210"]
[BlackFideId "405469"]
[EventDate "2015.12.04"]

1. e4 e6 2. d4 d5 3. Nd2 Be7 4. Ngf3 Nf6 5. e5 Nfd7 6. Bd3 c5 7. c3 b6 8. Qe2 a5
9. a4 Nc6 10. O-O cxd4 11. Nxd4 Ndxe5 12. Bb5 Bd7 13. f4 Nxd4 14. cxd4 Nc6 15.
Nf3 O-O 16. Bxc6 Bxc6 17. Ne5 Rc8 18. f5 exf5 19. Nxc6 Rxc6 20. Rxf5 Bf6 21. Be3
Re8 22. Qf3 Re4 23. Rf4 Rce6 24. Bf2 h6 25. Rd1 Qd6 26. Rxe4 Rxe4 27. Qc3 Qe6
28. b4 Qg4 29. Rd3 Qe2 30. bxa5 bxa5 31. Qc8+ Re8 32. Qc3 g6 33. Rd2 Qc4 34.
Qxc4 dxc4 35. Rc2 Rc8 36. Kf1 Kf8 37. Ke2 Ke7 38. Kd2 Kd6 39. Kc3 Kd5 40. Rb2
Bd8 41. Rb5+ Ke6 42. Re5+ Kd7 43. Rd5+ Ke6 44. Re5+ Kd7 45. Rd5+ Ke6 1/2-1/2

[Event "London Classic Open 2015"]
[Site "London ENG"]
[Date "2015.12.08"]
[Round "6.66"]
[White "Wecker, Martin"]
[Black "Disu, Kayode"]
[Result "1-0"]
[WhiteElo "2161"]
[BlackElo "1910"]
[WhiteFideId "12931462"]
[BlackFideId "432849"]
[EventDate "2015.12.04"]

1. Nf3 d5 2. c4 e6 3. g3 c6 4. d4 f5 5. Bg2 Nf6 6. O-O Bd6 7. Qc2 O-O 8. Nc3 Ne4
9. Rb1 a5 10. a3 Qe7 11. c5 Bc7 12. b4 axb4 13. axb4 b6 14. Na4 b5 15. Nb2 Nd7
16. Nd3 Bb7 17. Bf4 Bxf4 18. gxf4 g5 19. e3 Kh8 20. Nfe5 g4 21. f3 gxf3 22. Bxf3
Rg8+ 23. Kh1 Ndf6 24. Rg1 Raf8 25. Ra1 Qc7 26. Rxg8+ Rxg8 27. Rg1 Rxg1+ 28. Kxg1
Qg7+ 29. Kh1 h5 30. Qa2 Ng4 31. Bxg4 hxg4 32. Qa5 Kh7 33. Qd8 g3 34. Qh4+ Kg8
35. h3 g2+ 36. Kg1 Ng3 37. Kxg2 Ne2+ 38. Qg5 Nc3 39. h4 Nd1 40. Kf3 Nc3 41. h5
Ne4 42. Qxg7+ Kxg7 43. Nc1 Nd2+ 44. Ke2 Nc4 45. Ncd3 Nxe5 46. Nxe5 Kh6 47. Nf7+
Kxh5 48. Nd8 Ba8 49. Nxe6 Kg4 50. Nd8 Kg3 51. Nf7 1-0

[Event "London Classic Open 2015"]
[Site "London ENG"]
[Date "2015.12.08"]
[Round "6.67"]
[White "Haussernot, Cecile"]
[Black "Barton, R Alan"]
[Result "1-0"]
[WhiteTitle "WFM"]
[WhiteElo "2242"]
[BlackElo "2012"]
[WhiteFideId "601632"]
[BlackFideId "404233"]
[EventDate "2015.12.04"]

1. e4 d5 2. exd5 Qxd5 3. Nc3 Qa5 4. d4 c6 5. Bc4 Bf5 6. Bd2 e6 7. Qe2 Bb4 8. g4
Bg6 9. f4 Ne7 10. O-O-O Nd7 11. a3 b5 12. axb4 Qa1+ 13. Nb1 bxc4 14. f5 exf5 15.
Re1 O-O 16. Qxe7 Nb6 17. gxf5 Bxf5 18. Nf3 Nd5 19. Qc5 a5 20. bxa5 c3 21. Bxc3
Nxc3 22. Qxc3 Rxa5 23. Re5 Rfa8 24. Rxa5 Rxa5 25. Re1 Be6 26. Qxc6 h6 27. Qc3
Rf5 28. Rg1 g6 29. Qc6 Kh7 30. Nd2 Ba2 31. Qa4 Rf4 32. Qa7 Kg7 33. d5 Rb4 34.
Qa3 Rc4 35. d6 1-0

[Event "London Classic Open 2015"]
[Site "London ENG"]
[Date "2015.12.08"]
[Round "6.68"]
[White "Lyell, Mark"]
[Black "Mitra, Roman C"]
[Result "1-0"]
[WhiteTitle "FM"]
[WhiteElo "2228"]
[BlackElo "2023"]
[WhiteFideId "402354"]
[BlackFideId "419540"]
[EventDate "2015.12.04"]

1. e4 e6 2. d4 d5 3. e5 c5 4. c3 Qb6 5. Nf3 Nc6 6. a3 c4 7. Nbd2 Na5 8. Be2 Ne7
9. Nf1 Nb3 10. Rb1 Nxc1 11. Qxc1 Nc6 12. Ng3 g6 13. h4 h5 14. Ng5 Qc7 15. O-O
Na5 16. Bd1 Bh6 17. Re1 Qe7 18. Nf1 Bd7 19. Nh2 O-O-O 20. Nhf3 Rhf8 21. Qc2 Rh8
22. Qd2 Rhf8 23. Qe2 Rh8 24. Qe3 Rhf8 25. Nd2 b5 26. Ra1 Kc7 27. Qg3 Nc6 28. b3
Rb8 29. Bf3 Kc8 30. Reb1 a6 31. a4 Qd8 32. axb5 axb5 33. Qf4 Ne7 34. bxc4 1-0

[Event "London Classic Open 2015"]
[Site "London ENG"]
[Date "2015.12.08"]
[Round "6.69"]
[White "Korning, Peter"]
[Black "Semprun Martinez, Fernando"]
[Result "0-1"]
[WhiteElo "2000"]
[BlackElo "2200"]
[WhiteFideId "1723332"]
[BlackFideId "2203170"]
[EventDate "2015.12.04"]

1. e4 e5 2. Nf3 Nc6 3. Bb5 a6 4. Bxc6 dxc6 5. O-O Be7 6. Nxe5 Qd4 7. Qh5 Be6 8.
d3 Qc5 9. c3 Nf6 10. d4 Nxh5 11. dxc5 Bxc5 12. Nd2 Nf4 13. Nb3 Ne2+ 14. Kh1 Bd6
15. Nf3 Nxc1 16. Rfxc1 c5 17. Kg1 O-O-O 18. Re1 h6 19. Nbd2 Bf4 20. Nf1 Rd3 21.
Kh1 Rhd8 22. Ng1 b5 23. f3 b4 24. cxb4 cxb4 25. b3 a5 26. g3 Be5 27. Rac1 a4 28.
f4 Bc3 29. f5 Bxe1 30. fxe6 Bc3 31. Kg2 axb3 32. axb3 fxe6 33. Nf3 Rf8 34. Ng1
Bd4 35. Ne2 Rf2+ 0-1

[Event "London Classic Open 2015"]
[Site "London ENG"]
[Date "2015.12.08"]
[Round "6.70"]
[White "Falkowski, Dawid"]
[Black "Obioma Onuoha"]
[Result "0-1"]
[WhiteElo "1998"]
[BlackElo "2165"]
[WhiteFideId "1139142"]
[BlackFideId "8505837"]
[EventDate "2015.12.04"]

1. e4 e5 2. Nf3 Nf6 3. d4 Nxe4 4. Nxe5 d6 5. Nc4 d5 6. Ne3 Be7 7. Bd3 O-O 8. Nd2
Nc6 9. O-O Nf6 10. Nf3 Re8 11. c3 Bf8 12. b4 a5 13. b5 Ne7 14. Ne5 Ng6 15. Nxg6
hxg6 16. Qb3 a4 17. Qc2 Bd6 18. c4 dxc4 19. Nxc4 Ng4 20. g3 Nxh2 21. Nxd6 Nf3+
22. Kg2 Qxd6 23. Kxf3 Qd5+ 24. Be4 Bg4+ 25. Kf4 Qh5 26. Qc5 f5 27. Qd5+ Kh7 28.
Rh1 g5+ 29. Ke3 Qxh1 0-1

[Event "London Classic Open 2015"]
[Site "London ENG"]
[Date "2015.12.08"]
[Round "6.71"]
[White "Skutta, Bernd"]
[Black "Rogiers, Jan"]
[Result "0-1"]
[WhiteElo "1973"]
[BlackElo "2145"]
[WhiteFideId "4666950"]
[BlackFideId "205109"]
[EventDate "2015.12.04"]

1. d4 e6 2. Nf3 f5 3. g3 Nf6 4. Bg2 d5 5. O-O Bd6 6. c4 c6 7. b3 Qe7 8. Bb2 O-O
9. Qc1 b5 10. Ne5 Bb7 11. Nd2 Rc8 12. c5 Bc7 13. b4 a5 14. a3 Nbd7 15. Ndf3 Ne4
16. Nd3 axb4 17. axb4 Rxa1 18. Bxa1 Ra8 19. Nfe5 Nxe5 20. Nxe5 Bxe5 21. dxe5 Ra2
22. Bb2 Bc8 23. f3 Ng5 24. Qc3 h6 25. Qb3 Qa7 26. h4 Nh7 27. e4 Nf8 28. exd5
exd5 29. Bh3 Be6 30. Bd4 Qa4 31. Qxa4 Rxa4 32. Rb1 Ra2 33. Rb2 Ra3 34. Kf2 g5
35. hxg5 hxg5 36. Bf1 f4 37. gxf4 gxf4 38. Be2 Bf5 39. e6 Nxe6 40. Be5 d4 41.
Bd1 Bd3 42. Rd2 Kf7 43. Be2 Bxe2 44. Rxe2 Re3 45. Bh8 Kg6 46. Ra2 d3 47. Bc3 Nc7
48. Bd4 Re8 49. Rd2 Nd5 50. Rxd3 Nxb4 51. Rd1 Rd8 52. Rg1+ Kf5 53. Bc3 Nd3+ 54.
Ke2 Nxc5 55. Rh1 Na4 56. Ba5 Re8+ 57. Kd2 Rg8 58. Rh5+ Rg5 59. Rh8 Rg6 60. Bc7
Rf6 61. Rh5+ Ke6 62. Rh4 Nb2 63. Bxf4 Nc4+ 64. Ke2 Kd5 65. Kd3 Rf5 66. Ke2 c5
67. Bc7 b4 68. Rh8 Rf7 69. Rd8+ Kc6 70. Bg3 Nb6 71. Be5 Nd7 72. Rc8+ Kb5 73. f4
Nxe5 74. fxe5 Re7 75. Kd3 Rxe5 76. Rb8+ Kc6 77. Kc4 Re4+ 78. Kb3 Re3+ 79. Kb2
Kd5 80. Rh8 c4 81. Rd8+ Ke4 82. Re8+ Kd3 83. Rd8+ Ke2 84. Rh8 Kd2 85. Rd8+ Rd3
86. Rh8 c3+ 87. Ka1 c2 88. Ka2 Ra3+ 0-1

[Event "London Classic Open 2015"]
[Site "London ENG"]
[Date "2015.12.08"]
[Round "6.72"]
[White "Heuser, Philip"]
[Black "Gschwendtner, Stanislav"]
[Result "1-0"]
[WhiteElo "2119"]
[BlackElo "2003"]
[WhiteFideId "4654358"]
[BlackFideId "307297"]
[EventDate "2015.12.04"]

1. d4 Nf6 2. c4 g6 3. g3 c6 4. Nf3 Bg7 5. Bg2 O-O 6. O-O d5 7. b3 a5 8. Nc3 Ne4
9. Bb2 Nxc3 10. Bxc3 b5 11. cxb5 cxb5 12. Ne5 f6 13. Nd3 Nc6 14. Nf4 e6 15. e4
Ne7 16. Re1 g5 17. Nh5 Bh8 18. e5 fxe5 19. dxe5 Ra7 20. Nf6+ Bxf6 21. exf6 Nf5
22. Be5 Nd6 23. h4 Nf7 24. Bd4 Ra6 25. Qh5 e5 26. hxg5 Nh8 27. Rxe5 Be6 28. Rae1 1-0

[Event "London Classic Open 2015"]
[Site "London ENG"]
[Date "2015.12.08"]
[Round "6.73"]
[White "Abrahams, Daniel"]
[Black "Odeh, Kenneth"]
[Result "1-0"]
[WhiteElo "2111"]
[BlackElo "2000"]
[WhiteFideId "2606879"]
[BlackFideId "8500142"]
[EventDate "2015.12.04"]

1. e4 c6 2. d4 d5 3. Nc3 dxe4 4. Nxe4 Bf5 5. Ng3 Bg6 6. Bc4 Nf6 7. N1e2 e6 8. h4
Be4 9. Nxe4 Nxe4 10. Bd3 Nf6 11. c3 Bd6 12. Nf4 Nbd7 13. Qe2 Qe7 14. Bd2 O-O-O
15. O-O-O Nd5 16. Nxd5 exd5 17. Qg4 Qf8 18. Rde1 Kb8 19. Bg5 f6 20. Bd2 Nb6 21.
h5 Qf7 22. Rh3 Nc4 23. Bxc4 dxc4 24. Bf4 Bxf4+ 25. Qxf4+ Qc7 26. Qf5 Rhe8 27.
Rhe3 Rxe3 28. Rxe3 h6 29. g3 Qf7 30. Kd2 Re8 31. Qf4+ Ka8 32. Qd6 a6 33. Rxe8+
Qxe8 34. Qc5 Qg8 35. a4 Kb8 36. a5 Kc8 37. Qe7 Kb8 38. Ke3 Qh7 39. Qe4 Qg8 40.
Qf4+ Ka7 41. Qf5 Qe8+ 42. Kf3 Qf7 43. g4 Kb8 44. Qf4+ Kc8 45. Qe4 Kd7 46. Kf4
Qg8 47. f3 Kd6 48. Qf5 Kc7 49. Qc5 Kd7 50. Qb6 Kc8 51. Qb4 Kb8 52. Qd6+ Ka7 53.
Kf5 Qh7+ 54. Ke6 Qd3 55. Kd7 Qxf3 56. Kc7 Qd5 57. Qxd5 cxd5 58. Kd6 b5 59. Kxd5
Kb7 60. Kd6 Kc8 61. Ke7 Kc7 62. d5 1-0

[Event "London Classic Open 2015"]
[Site "London ENG"]
[Date "2015.12.08"]
[Round "6.74"]
[White "Taylor, William J"]
[Black "Gaudeau, Valentin"]
[Result "1/2-1/2"]
[WhiteElo "1962"]
[BlackElo "2080"]
[WhiteFideId "423130"]
[BlackFideId "662216"]
[EventDate "2015.12.04"]

1. e4 c5 2. Nf3 d6 3. d4 cxd4 4. Nxd4 Nf6 5. Nc3 g6 6. Be3 Bg7 7. f3 O-O 8. Qd2
Nc6 9. O-O-O d5 10. Qe1 e5 11. Nxc6 bxc6 12. exd5 Nxd5 13. Bc4 Be6 14. Ne4 Qc7
15. Bc5 Rfd8 16. g4 Nf4 17. Bxe6 Rxd1+ 18. Qxd1 Nxe6 19. Be3 Rd8 20. Qe1 Nf4 21.
Rg1 Qd7 22. h4 Qd5 23. Kb1 Kh8 24. Qd2 f5 25. gxf5 gxf5 26. Qxd5 Nxd5 27. Ng5
Rd7 28. Bc1 Bf6 29. c4 Nc7 30. b3 h6 31. Nh3 Kh7 32. Bb2 Rd3 33. Rf1 Re3 34. Nf4
Be7 35. Ng2 Re2 36. Rd1 Rxg2 37. Rd7 Rg7 38. Rxc7 Bxh4 39. Bxe5 Rxc7 40. Bxc7
Bf2 1/2-1/2

[Event "London Classic Open 2015"]
[Site "London ENG"]
[Date "2015.12.08"]
[Round "6.75"]
[White "Phillips, William"]
[Black "Seymour, Timothy P"]
[Result "0-1"]
[WhiteElo "1901"]
[BlackElo "2080"]
[WhiteFideId "414344"]
[BlackFideId "412112"]
[EventDate "2015.12.04"]

1. d4 Nf6 2. Nf3 e6 3. Bg5 h6 4. Bh4 d6 5. h3 Be7 6. e3 Nbd7 7. Bd3 b6 8. Nbd2
Bb7 9. e4 g5 10. Bg3 Nh5 11. Qe2 Nxg3 12. fxg3 Bf6 13. O-O-O Qe7 14. Ba6 O-O-O
15. Bxb7+ Kxb7 16. e5 Bg7 17. Nb3 a6 18. Rhe1 Rc8 19. exd6 cxd6 20. Qe4+ Ka7 21.
Qd3 d5 22. Ne5 Nxe5 23. dxe5 Qc7 24. Nd4 Bxe5 25. Nc6+ Qxc6 26. Rxe5 Qc4 27.
Qxc4 Rxc4 28. Rf1 Rc7 29. Rf6 Kb7 30. Re3 Rh7 31. Kd2 Kc6 32. Rc3+ Kd6 33. Rxc7
Kxc7 34. Kd3 Kd6 35. Kd4 b5 36. g4 Ke7 37. Rf3 Rh8 38. Ra3 Ra8 39. Rf3 Rc8 40.
c3 Rc4+ 41. Kd3 e5 42. Rf5 Ke6 43. b3 Rf4 44. Rxf4 gxf4 45. h4 f5 0-1

[Event "London Classic Open 2015"]
[Site "London ENG"]
[Date "2015.12.08"]
[Round "6.76"]
[White "Foord, Dominic"]
[Black "Millward, Kevin P"]
[Result "1-0"]
[WhiteElo "2075"]
[BlackElo "1980"]
[WhiteFideId "415391"]
[BlackFideId "404721"]
[EventDate "2015.12.04"]

1. d4 g6 2. c4 d6 3. Nc3 Bg7 4. e4 e5 5. Nge2 Nc6 6. Be3 Nh6 7. dxe5 dxe5 8. h3
Qxd1+ 9. Rxd1 Be6 10. b3 O-O 11. Nd5 Rac8 12. g3 f5 13. Bg2 fxe4 14. g4 Nf7 15.
O-O Bxd5 16. cxd5 Nd4 17. Nxd4 exd4 18. Bxd4 Bxd4 19. Rxd4 Ng5 20. Ra4 a6 21.
Kh2 Rcd8 22. Rd1 Rxf2 23. Kg3 Rf6 24. h4 Nf7 25. Rxe4 Nd6 26. Re7 Rf7 27. Rde1
a5 28. Bh3 Rdf8 29. R1e3 Rxe7 30. Rxe7 Rf7 31. Rxf7 Kxf7 32. Kf4 Nb5 33. Ke5 h6
34. g5 hxg5 35. hxg5 Nd6 36. Bf1 b6 37. Bd3 Ne8 38. a3 Nd6 39. a4 Ne8 40. d6
Nxd6 41. Kd5 Ke7 42. Kc6 Nf7 43. Kxc7 Nxg5 44. Kxb6 Nf3 45. Kxa5 g5 46. Kb6 Nd4
47. a5 Nxb3 48. a6 Nc1 49. a7 Nxd3 50. a8=Q Nf4 51. Qe4+ Kf6 52. Kc6 Ne6 53. Kd6
Nf4 54. Kd7 Ng6 55. Qe6+ Kg7 56. Qf5 Kh6 57. Ke6 Nf4+ 58. Kf6 Nh5+ 59. Kf7 Nf4
60. Qg4 Ng6 61. Qe6 Kh5 62. Qxg6+ Kh4 63. Qh6+ 1-0

[Event "London Classic Open 2015"]
[Site "London ENG"]
[Date "2015.12.08"]
[Round "6.77"]
[White "Brozel, Sacha"]
[Black "Rogers, Tim L"]
[Result "1-0"]
[WhiteElo "1801"]
[BlackElo "2075"]
[WhiteFideId "429317"]
[BlackFideId "418137"]
[EventDate "2015.12.04"]

1. c4 e5 2. g3 Nf6 3. Bg2 c6 4. d4 exd4 5. Qxd4 d5 6. Nf3 dxc4 7. Qxd8+ Kxd8 8.
O-O Nbd7 9. Rd1 Ke8 10. Be3 Nb6 11. Bxb6 axb6 12. Ne5 Ra6 13. Nxc4 Be6 14. Ne5
Bc5 15. Nc3 b5 16. a3 Bb3 17. Rd3 b4 18. Nb5 cxb5 19. Rxb3 Ke7 20. Nd3 b6 21.
Nxb4 Ra4 22. Rd1 Bxb4 23. Re3+ 1-0

[Event "London Classic Open 2015"]
[Site "London ENG"]
[Date "2015.12.08"]
[Round "6.79"]
[White "Reutimann, Hans Peter"]
[Black "Sucikova, Svetlana"]
[Result "0-1"]
[WhiteElo "1717"]
[BlackElo "2070"]
[WhiteFideId "1313886"]
[BlackFideId "14923653"]
[EventDate "2015.12.04"]

1. d4 d5 2. Nf3 e6 3. Bf4 c5 4. e3 Nc6 5. c3 Nf6 6. Nbd2 Bd6 7. Ne5 O-O 8. Bd3
Qc7 9. Ndf3 h6 10. O-O b6 11. Nxc6 Qxc6 12. Bxd6 Qxd6 13. Ne5 Bb7 14. f4 Ne4 15.
Rf3 Rfe8 16. Rh3 Qc7 17. Qh5 f6 18. Ng4 Qf7 19. Bxe4 Qxh5 20. Rxh5 dxe4 21. Nf2
f5 22. g4 cxd4 23. cxd4 Ba6 24. gxf5 Be2 25. Rh3 exf5 26. Nd1 Bxd1 27. Rxd1 Rac8
28. Rg3 Rc2 29. Rg2 Rec8 30. Rgd2 Kf7 31. Kf2 g5 32. Kg3 Kf6 33. h3 R2c7 34. d5
Rd7 35. d6 Rc5 36. fxg5+ hxg5 37. h4 gxh4+ 38. Kf4 Rg7 0-1

[Event "London Classic Open 2015"]
[Site "London ENG"]
[Date "2015.12.08"]
[Round "6.81"]
[White "De Abreu, Roberto N"]
[Black "Sielicki, Tomasz"]
[Result "0-1"]
[WhiteTitle "FM"]
[WhiteElo "2056"]
[BlackElo "1948"]
[WhiteFideId "14307472"]
[BlackFideId "1111400"]
[EventDate "2015.12.04"]

1. d4 d6 2. Nf3 g6 3. c4 Bg7 4. g3 c5 5. d5 e5 6. Nc3 a6 7. a4 Nd7 8. e4 Bh6 9.
Bxh6 Nxh6 10. Bh3 Qf6 11. Nd2 O-O 12. Qe2 Rb8 13. Na2 Kg7 14. b4 cxb4 15. Nxb4
Nc5 16. Bxc8 Rfxc8 17. O-O Qe7 18. Nd3 Ng8 19. Nxc5 Rxc5 20. Nb3 Rc7 21. Rad1
Qd7 22. Ra1 Rbc8 23. Rfc1 Nf6 24. f3 Qe7 25. c5 dxc5 26. Na5 c4 27. Rxc4 Rxc4
28. Nxc4 Qb4 29. Ne3 Qd4 30. Rd1 Qxa4 31. Qb2 Qb5 32. Qxe5 Qe2 33. Qd4 Kg8 34.
e5 Nxd5 35. Nxd5 Rc2 36. Ne7+ Kg7 37. e6+ f6 38. Nf5+ gxf5 39. Qd7+ Kh6 0-1

[Event "London Classic Open 2015"]
[Site "London ENG"]
[Date "2015.12.08"]
[Round "6.82"]
[White "Guo, Emma"]
[Black "Klingher, Dominic"]
[Result "0-1"]
[WhiteTitle "WIM"]
[WhiteElo "2050"]
[BlackElo "1758"]
[WhiteFideId "3200795"]
[BlackFideId "428850"]
[EventDate "2015.12.04"]

1. d4 d5 2. Nf3 Nf6 3. c4 c6 4. cxd5 cxd5 5. Nc3 Bf5 6. Bf4 Nc6 7. e3 e6 8. Be2
h6 9. O-O g5 10. Be5 Nxe5 11. Nxe5 Bd6 12. Qa4+ Kf8 13. Nb5 Bb8 14. Rac1 Kg7 15.
Rfd1 Nd7 16. Nc7 Nb6 17. Nxf7 Kxf7 18. Bh5+ Kg7 19. Ne8+ Rxe8 20. Qxe8 Bxh2+ 21.
Kh1 Qxe8 22. Bxe8 Bd6 23. Bb5 h5 24. Bd3 Bg4 25. f3 Bf5 26. e4 dxe4 27. Bxe4
Bxe4 28. fxe4 Bf4 29. Rc5 Rd8 30. g3 Bd6 31. Rc3 Rd7 32. Kg2 Na4 33. Rc2 Kg6 34.
Rf2 Be5 35. Rfd2 Bg7 36. Kf3 g4+ 37. Kg2 Bh6 38. Rc2 Be3 39. d5 Nb6 40. d6 e5
41. Rc7 Rd8 42. Rxb7 Nc4 43. Re7 Bg5 44. Rd3 Bxe7 45. dxe7 Re8 46. Rd7 Nxb2 47.
Rxa7 Nc4 48. Ra6+ Kg5 49. Re6 h4 50. Kf2 h3 51. Kg1 Nd2 52. a4 Nf3+ 53. Kf2 h2
54. Kg2 Rb8 55. e8=Q Rb2+ 56. Kh1 Rb1+ 0-1

[Event "London Classic Open 2015"]
[Site "London ENG"]
[Date "2015.12.08"]
[Round "6.83"]
[White "Myall, Ivan J"]
[Black "Burbidge, Duncan R"]
[Result "1-0"]
[WhiteElo "2048"]
[BlackElo "1943"]
[WhiteFideId "425168"]
[BlackFideId "412198"]
[EventDate "2015.12.04"]

1. e4 e6 2. d4 d5 3. e5 c5 4. c3 Nc6 5. Be3 Bd7 6. Nf3 Qc7 7. Be2 Nge7 8. O-O
Nf5 9. Qd2 c4 10. Bf4 h6 11. g4 Nfe7 12. Na3 Qb6 13. Bxc4 Ng6 14. Bd3 Na5 15. b4
Qc7 16. Nb5 Bxb5 17. Bxb5+ Nc6 18. Bg3 Be7 19. h4 Qd8 20. h5 Nh4 21. Nxh4 Bxh4
22. Kg2 Bxg3 23. Bxc6+ bxc6 24. Kxg3 g6 25. Rh1 g5 26. f4 Rg8 27. Raf1 a5 28.
bxa5 Qxa5 29. fxg5 Rxg5 30. Rf6 Ke7 31. Rhf1 Rg7 32. Qb2 Qb5 33. Qxb5 cxb5 34.
Rxh6 Ra3 35. Rf3 b4 36. cxb4 Rxa2 37. Rhf6 Rd2 38. R6f4 Rb2 39. h6 Rh7 40. g5
Rxb4 41. Ra3 Rb8 42. Ra7+ Kf8 43. Rf3 Kg8 44. Rfa3 Rh8 45. Rf3 Rh7 46. Rf6 Kf8
47. Rxe6 Rb3+ 48. Kh4 fxe6 49. Rxh7 Rd3 50. Kh5 Rxd4 51. Kg6 Kg8 52. Ra7 Re4 53.
Ra8# 1-0

[Event "London Classic Open 2015"]
[Site "London ENG"]
[Date "2015.12.08"]
[Round "6.84"]
[White "Praczukowski, Stanislaw"]
[Black "Rovai, Andrea"]
[Result "1-0"]
[WhiteElo "2038"]
[BlackElo "1839"]
[WhiteFideId "1182730"]
[BlackFideId "2833072"]
[EventDate "2015.12.04"]

1. d4 Nf6 2. c4 g6 3. f3 Bg7 4. e4 d6 5. Nc3 O-O 6. Nge2 e5 7. Bg5 c6 8. Qd2
Nbd7 9. O-O-O Qa5 10. Kb1 a6 11. Nd5 Qxd2 12. Ne7+ Kh8 13. Rxd2 h6 14. Be3 Nb6
15. dxe5 Nfd7 16. b3 dxe5 17. Nxc8 Raxc8 18. c5 f5 19. cxb6 Nf6 20. Nc3 fxe4 21.
fxe4 Ng4 22. Bc5 Rcd8 23. Rxd8 Rxd8 24. Be2 Nf6 25. Rd1 Rxd1+ 26. Bxd1 Nd7 27.
b4 Nf8 28. Bg4 1-0

[Event "London Classic Open 2015"]
[Site "London ENG"]
[Date "2015.12.08"]
[Round "6.85"]
[White "Iyengar, Ilya"]
[Black "Barasi, Paul Dl"]
[Result "1-0"]
[WhiteElo "2023"]
[BlackElo "1736"]
[WhiteFideId "405949"]
[BlackFideId "432830"]
[EventDate "2015.12.04"]

1. d4 d5 2. c4 Nc6 3. Nf3 Bg4 4. cxd5 Bxf3 5. dxc6 Bxc6 6. Nc3 e6 7. e4 Bb4 8.
f3 Qh4+ 9. g3 Qh5 10. Be3 f5 11. Be2 Nf6 12. Qb3 Bxc3+ 13. bxc3 O-O-O 14. Qxe6+
Bd7 15. Qe5 Rhe8 16. Qa5 Bc6 17. Qxa7 Nd5 18. exd5 Rxe3 19. dxc6 bxc6 20. O-O
Rd6 21. Rae1 Rh6 22. Rf2 f4 23. g4 Qd5 24. Qc5 Qxa2 25. Qf8+ Kb7 26. Qxf4 Rhe6
27. Ba6+ 1-0

[Event "London Classic Open 2015"]
[Site "London ENG"]
[Date "2015.12.08"]
[Round "6.86"]
[White "Modica, Jake"]
[Black "Mogilarov, Dimitar"]
[Result "0-1"]
[WhiteElo "1736"]
[BlackElo "2168"]
[WhiteFideId "442160"]
[BlackFideId "2905248"]
[EventDate "2015.12.04"]

1. c4 Nf6 2. Nf3 g6 3. Nc3 Bg7 4. d4 d5 5. cxd5 Nxd5 6. Bd2 O-O 7. e4 Nb6 8. Be3
c5 9. d5 f5 10. e5 N8d7 11. Bf4 c4 12. Be2 Nc5 13. Qc2 Ne4 14. Rd1 g5 15. Nxg5
Nxg5 16. Bxg5 Bxe5 17. f4 Bf6 18. Bh6 Bg7 19. Bxg7 Kxg7 20. O-O Qd6 21. Rf3 Bd7
22. Rg3+ Kh8 23. Qd2 Rac8 24. Qd4+ Qf6 25. Qe5 Rc5 26. Bf3 Nc8 27. Qe3 b6 28. d6
exd6 29. Nd5 Qxb2 30. Ne7 Re8 31. Rd2 Rxe7 32. Qxe7 Qc1+ 0-1

[Event "London Classic Open 2015"]
[Site "London ENG"]
[Date "2015.12.08"]
[Round "6.87"]
[White "Stokes, Paul C"]
[Black "Hebbes, Tim"]
[Result "0-1"]
[WhiteElo "1884"]
[BlackElo "2112"]
[WhiteFideId "419010"]
[BlackFideId "406570"]
[EventDate "2015.12.04"]

1. e4 c5 2. Nc3 e6 3. Nf3 Nc6 4. d4 cxd4 5. Nxd4 a6 6. Be2 Nf6 7. O-O Be7 8. Be3
O-O 9. a3 d6 10. Qd2 Bd7 11. Rad1 Rc8 12. f3 Qc7 13. Rc1 Rfd8 14. Rfd1 Ne5 15.
Bd3 Nc4 16. Bxc4 Qxc4 17. Nce2 d5 18. e5 Ne8 19. Qd3 Qc7 20. f4 f6 21. Nf3 fxe5
22. fxe5 g6 23. Ned4 Ng7 24. c3 Bc5 25. Rf1 Rf8 26. Rfe1 Be7 27. Rcd1 Ba4 28.
Rc1 Bd7 29. Rcd1 Nf5 30. Nxf5 Rxf5 31. Bd4 Rcf8 32. Qe3 Bb5 33. Rc1 Qc4 34. Nd2
Qc6 35. Nf3 Bc4 36. Rcd1 Qb5 37. b4 Bb3 38. Rc1 Bc4 39. Rcd1 Qa4 40. Bc5 Bxc5
41. Qxc5 Be2 42. Rc1 Bxf3 43. gxf3 Qe8 44. c4 Qf7 45. cxd5 Rg5+ 0-1